000 00972nam a22001457a 4500
999 _c527814
_d527814
008 240925b ||||| |||| 00| 0 eng d
100 _aBrian Deese
_958569
245 _aThe case for a clean energy Marshall plan: How the fight against climate change can renew American leadership
260 _aForeign Affairs
300 _a103(5), Sep-Oct, 2024: p.106-121
520 _aFor decades, global integration—of trade, of politics, of technology—was seen as a natural law. Today, integration has been replaced by fragmentation. The post–Cold War institutions are teetering, industrial strategies are back in vogue, and competition with China is growing. These dynamics are creating geopolitical friction across global supply chains, for vehicles, minerals, computer chips, and more.- Reproduced https://www.foreignaffairs.com/united-states/case-clean-energy-marshall-plan-deese
773 _aForeign Affairs
906 _aINTERNATIONAL RELATIONS
942 _cAR